00571 2200169 4500001002100000005001500021035002000036007000300056008004100059245003700100260005000137300003100187500013600218082001300354084001700367990001700384INLIS00000000000593620260701104618 a0010-0726000001ta260701 u dut  aHandbook of british north borneo aLondon :bWillia clowes & sons, liited,c1886 a159 p. :bill. ;c21,5 cm. aDisusun berdasarkan laporan yang diterima dari Gubernur Treacher dan pejabat lainnya yang bertugas di British North Borneo Company. a91(9112) a91(9112) HAN a0337/KA/2026